Southville International School and Colleges
Your cart is empty.
  • Cart
  • Lists
    Public lists Eva Luna New books Lux_list list_1
    Your lists Log in to create your own lists
  • Log in to your account
  • Your cookies
  • Search history
Southville International School and Colleges
  • Advanced search
  • Recent comments
  • Most popular
  • Libraries

Log in to your account

Log in with GOOGLE


If you do not have an external account, but do have a local account, you can still log in:

  1. Home
  2. MARC view: A voice of hope in a time of darkness :
Normal view MARC view ISBD view

A voice of hope in a time of darkness : (Record no. 360213)

[ view plain ]
MARC details
000 -LEADER
fixed length control field 00994nam a2200337Ia 4500
008 - FIXED-LENGTH DATA ELEMENTS--GENERAL INFORMATION
fixed length control field 181129s9999 xx 000 0 und d
020 ## - INTERNATIONAL STANDARD BOOK NUMBER
International Standard Book Number 9789715697897
050 ## - LIBRARY OF CONGRESS CALL NUMBER
Item number M311 2014
100 ## - MAIN ENTRY--PERSONAL NAME
Personal name Maranan, Luchie B.
245 #2 - TITLE STATEMENT
Title A voice of hope in a time of darkness :
245 #4 - TITLE STATEMENT
Remainder of title the songs of Susan Fernandez-Magno /
245 #0 - TITLE STATEMENT
Statement of responsibility, etc by Luchie B. Maranan ; illustrated by Shan Maurice Jose.
260 ## - PUBLICATION, DISTRIBUTION, ETC. (IMPRINT)
Place of publication, distribution, etc Makati, Philippines :
260 ## - PUBLICATION, DISTRIBUTION, ETC. (IMPRINT)
Name of publisher, distributor, etc Bookmark,
260 ## - PUBLICATION, DISTRIBUTION, ETC. (IMPRINT)
Date of publication, distribution, etc 2014
300 ## - PHYSICAL DESCRIPTION
Extent unpaged :
300 ## - PHYSICAL DESCRIPTION
Other physical details color illustrations ;
300 ## - PHYSICAL DESCRIPTION
Dimensions 25cm.
440 ## - SERIES STATEMENT/ADDED ENTRY--TITLE
Title Modern heroes for the Filipino youth.
650 ## - SUBJECT ADDED ENTRY--TOPICAL TERM
Topical term or geographic name as entry element Magno, Susan Fernandezz, 1956-2009.
650 ## - SUBJECT ADDED ENTRY--TOPICAL TERM
Topical term or geographic name as entry element Philippine literature for kids.
650 ## - SUBJECT ADDED ENTRY--TOPICAL TERM
Topical term or geographic name as entry element Popular music --
650 ## - SUBJECT ADDED ENTRY--TOPICAL TERM
Topical term or geographic name as entry element Popular music --
650 ## - SUBJECT ADDED ENTRY--TOPICAL TERM
Topical term or geographic name as entry element Singers --
650 ## - SUBJECT ADDED ENTRY--TOPICAL TERM
General subdivision Philippines -- Biography.
650 ## - SUBJECT ADDED ENTRY--TOPICAL TERM
General subdivision Political aspects.
650 ## - SUBJECT ADDED ENTRY--TOPICAL TERM
General subdivision Social aspects.
700 ## - ADDED ENTRY--PERSONAL NAME
Personal name Jose, Shan Maurice.
700 ## - ADDED ENTRY--PERSONAL NAME
Personal name Series.
700 ## - ADDED ENTRY--PERSONAL NAME
Personal name Title.
Holdings
Withdrawn status Lost status Damaged status Home library Current library Shelving location Date acquired Total Checkouts Full call number Barcode Date last seen Price effective from Koha item type
      Stonyhurst Southville International School (Malarayat) Stonyhurst Southville International School (Malarayat)   11/29/2018   ER M311 2014 SSISM6007 11/29/2018 11/29/2018 Books

A voice of hope in a time of darkness :

APA

Maranan L. B., Jose S. M., Series & Title.A voice of hope in a time of darkness. Makati, Philippines: .

Chicago

Maranan Luchie B, Jose Shan Maurice, Series and Title.A voice of hope in a time of darkness. Makati, Philippines: .

Harvard

Maranan L. B., Jose S. M., Series and Title.A voice of hope in a time of darkness. Makati, Philippines: .

MLA

Maranan Luchie B, Jose Shan Maurice, Series and Title.Makati, Philippines: . .

  • Place hold
  • Print
  • Cite
  • Add to your cart (remove)
  • Save record
    BIBTEX Dublin Core MARCXML MARC (non-Unicode/MARC-8) MARC (Unicode/UTF-8) MARC (Unicode/UTF-8, Standard) MODS (XML) RIS
  • More searches
    Search for this title in:
    Other Libraries (WorldCat) Other Databases (Google Scholar) Online Stores (Bookfinder.com) Open Library (openlibrary.org)

Exporting to Dublin Core...

SOUTHVILLE LIBRARY

Southville International School and Colleges Library

1281 Tropical Ave. Cor. Luxembourg St., BF Homes International, Las Pinas City

Tel. No. 8256374 / 252358 Loc. 117/146

Powered by Koha